[Event "GRE-chT 50th"]
[Site "Nikaia"]
[Date "2023.08.26"]
[Round "3.3"]
[White "Nikolakis, Panagiotis Marios"]
[Black "Gouloutis, Nikolaos"]
[Result "0-1"]
[WhiteElo "1926"]
[BlackElo "2307"]
[PlyCount "62"]
[EventDate "2023.08.25"]
[EventType "team"]
[EventRounds "9"]
[EventCountry "GRE"]
[SourceTitle "EXT 2024"]
[Source "ChessBase"]
[SourceDate "2023.10.10"]
[SourceVersion "1"]
[SourceVersionDate "2023.10.10"]
[SourceQuality "1"]
[WhiteTeam "Papaphi Khronikon"]
[BlackTeam "Thessaloniki Aris"]
[WhiteTeamCountry "GRE"]
[BlackTeamCountry "GRE"]

1. e4 c6 2. Bc4 d5 3. Bb3 e6 4. d4 Nf6 5. Nc3 Bb4 6. e5 Ne4 7. Nge2 a5 8. a3 Nxc3 9. bxc3 Be7 10. c4 b6 11. cxd5 cxd5 12. c3 Ba6 13. 0-0 Nd7 14. f4 g6 15. Rf3 h5 16. Rh3 Qc7 17. f5 gxf5 18. Nf4 h4 19. Bxd5 exd5 20. Nxd5 Qc6 21. Nxe7 Kxe7 22. Bg5+ Ke6 23. Qd2 Bb7 24. d5+ Qxd5 25. Rd3 Qxg2+ 26. Qxg2 Bxg2 27. Rd6+ Kxe5 28. Rxd7 Rag8 29. Re7+ Kd6 30. Bf6 Rh6 31. Rd1+ Bd5+ 0-1

[Event "GRE-chT 49th"]
[Site "Thessaloniki"]
[Date "2022.08.16"]
[Round "6"]
[White "Nikolakis, Panagiotis Marios"]
[Black "Tsakonas, Konstantinos"]
[Result "1-0"]
[WhiteElo "1900"]
[BlackElo "1741"]
[PlyCount "117"]
[EventDate "2022.08.12"]
[EventType "team-swiss"]
[EventRounds "7"]
[EventCountry "GRE"]
[SourceTitle "EXT 2024"]
[Source "ChessBase"]
[SourceDate "2023.10.10"]
[SourceVersion "1"]
[SourceVersionDate "2023.10.10"]
[SourceQuality "1"]
[WhiteTeam "Eso Papafe Chronikon"]
[BlackTeam "Thessaloniki Sach"]
[WhiteTeamCountry "GRE"]
[BlackTeamCountry "GRE"]

1. e4 c5 2. Nf3 e6 3. d4 cxd4 4. Nxd4 Nc6 5. c4 d5 6. exd5 exd5 7. Nxc6 bxc6 8. cxd5 Bb4+ 9. Bd2 Bxd2+ 10. Qxd2 Qxd5 11. Nc3 Qxd2+ 12. Kxd2 Be6 13. Bd3 Nf6 14. Rhe1 0-0 15. Kc2 Rfd8 16. Rad1 Kf8 17. b3 Rd6 18. Ne4 Nxe4 19. Bxe4 Rad8 20. Rxd6 Rxd6 21. Re3 Bd5 22. Bxd5 Rxd5 23. Rd3 Rc5+ 24. Rc3 Re5 25. Kd2 Re6 26. b4 Rf6 27. Ke3 Re6+ 28. Kd2 Rf6 29. Ke2 Re6+ 30. Re3 Rd6 31. Rd3 Re6+ 32. Kd2 Rf6 33. f3 Rg6 34. g3 Re6 35. Rd7 Re7 36. Rd8+ Re8 37. Rd7 Re7 38. Rd8+ Re8 39. Rxe8+ Kxe8 40. Kd3 Kd7 41. Kd4 Kd6 42. f4 g6 43. g4 h6 44. h4 h5 45. g5 Ke6 46. Ke4 Kd6 47. f5 c5 48. bxc5+ Kxc5 49. fxg6 fxg6 50. Ke5 Kb4 51. Kf6 Ka3 52. Kxg6 Kxa2 53. Kxh5 Kb2 54. g6 a5 55. g7 a4 56. g8Q a3 57. Kg6 a2 58. Qxa2+ Kxa2 59. h5 1-0

[Event "GRE-ch U20"]
[Site "Trikala"]
[Date "2020.08.21"]
[Round "7"]
[White "Nikolakis, Panagiotis Marios"]
[Black "Magalakis, Stefanos"]
[Result "0-1"]
[WhiteElo "1975"]
[BlackElo "1838"]
[PlyCount "106"]
[EventDate "2020.08.17"]
[EventType "swiss"]
[EventRounds "9"]
[EventCountry "GRE"]
[SourceTitle "CBM 198 Extra"]
[Source "ChessBase"]
[SourceDate "2020.11.30"]
[SourceVersion "1"]
[SourceVersionDate "2020.11.30"]
[SourceQuality "1"]

1. e4 e5 2. Nf3 Nc6 3. Bb5 g6 4. c3 a6 5. Ba4 Bg7 6. d4 exd4 7. cxd4 b5 8. Bc2 Nge7 9. d5 Na5 10. Bd2 c5 11. Bc3 Bxc3+ 12. Nxc3 d6 13. 0-0 0-0 14. b3 Bg4 15. h3 Bxf3 16. Qxf3 f5 17. Ne2 Qd7 18. Nf4 Rae8 19. Ne6 Rf7 20. Rfe1 Nb7 21. Rad1 fxe4 22. Qxe4 Nf5 23. Qg4 Nd8 24. Ng5 Rfe7 25. Ne4 Rf8 26. Qf3 Nd4 27. Qc3 Re5 28. b4 Nxc2 29. Qxc2 c4 30. Qd2 Qe7 31. f3 Nf7 32. Re2 Ng5 33. Rde1 Re8 34. h4 Nxe4 35. Rxe4 Qa7+ 36. Qf2 Qxf2+ 37. Kxf2 Kf7 38. Rf4+ Kg7 39. Rfe4 Rxe4 40. fxe4 Kf6 41. Ke3 Ke5 42. Rf1 Rc8 43. a3 c3 44. Kd3 c2 45. Rc1 Rc4 46. g4 h6 47. g5 h5 48. a4 Rc7 49. axb5 axb5 50. Ke3 Rc8 51. Kf3 Rc3+ 52. Ke2 Kxe4 53. Kd2 Rc4 0-1

[Event "GRE-chT 47th"]
[Site "Patras"]
[Date "2019.07.05"]
[Round "6.4"]
[White "Souleidis, Georgios"]
[Black "Nikolakis, Panagiotis Marios"]
[Result "1/2-1/2"]
[WhiteElo "2426"]
[BlackElo "1911"]
[PlyCount "130"]
[EventDate "2019.07.02"]
[EventType "team-swiss"]
[EventRounds "7"]
[EventCountry "GRE"]
[SourceTitle "CBM 191 Extra"]
[Source "ChessBase"]
[SourceDate "2019.09.30"]
[SourceVersion "1"]
[SourceVersionDate "2019.09.30"]
[SourceQuality "1"]
[WhiteTeam "Heraklion OF"]
[BlackTeam "The Police"]
[WhiteTeamCountry "GRE"]
[BlackTeamCountry "GRE"]

1. e4 c5 2. Nf3 d6 3. Bc4 e6 4. 0-0 Nc6 5. Re1 Nf6 6. Bb3 Be7 7. c3 0-0 8. d4 e5 9. d5 Nb8 10. a4 b6 11. Nbd2 Re8 12. Bc4 a6 13. h3 Bf8 14. b4 Nbd7 15. Ba3 Nh5 16. Bf1 Rb8 17. Rb1 g6 18. bxc5 bxc5 19. Rxb8 Nxb8 20. Nc4 Nf4 21. Bc1 Bg7 22. Kh2 Qc7 23. Bxf4 exf4 24. Qd2 Nd7 25. Qxf4 Bxc3 26. Qxd6 Qxd6+ 27. Nxd6 Ne5 28. Nxe8 Nxf3+ 29. gxf3 Bxe1 30. d6 Bc3 31. f4 Bd7 32. Nc7 Bxa4 33. e5 Kf8 34. Bxa6 Bc6 35. Kg3 Bd4 36. Bb5 Bxb5 37. Nxb5 Bb2 38. Kf3 Ke8 39. Ke4 c4 40. Nc7+ Kd8 41. Nd5 h6 42. Ne3 c3 43. Kd3 g5 44. fxg5 hxg5 45. Kc2 Kd7 46. Nd5 Ke6 47. Nc7+ Kd7 48. Nd5 Ke6 49. Nxc3 Ba3 50. Kb3 Bc5 51. Kc4 Bxf2 52. Ne4 Bb6 53. Nxg5+ Kxe5 54. Kb5 Be3 55. Nxf7+ Ke6 56. d7 Kxd7 57. Ne5+ Ke6 58. Ng4 Bc1 59. Kc4 Kf5 60. Kd3 Kg5 61. Ke4 Kh4 62. Nf2 Ba3 63. Kf3 Bc5 64. Kg2 Bxf2 65. Kxf2 Kxh3 1/2-1/2

[Event "Thessaloniki/Chalkidiki-chT"]
[Site "Thessaloniki/Chalkidiki"]
[Date "2019.03.17"]
[Round "8.4"]
[White "Nikolakis, Panagiotis Marios"]
[Black "Papadopoulos, Panayotis"]
[Result "1/2-1/2"]
[WhiteElo "1910"]
[BlackElo "2166"]
[PlyCount "81"]
[EventDate "2019.01.13"]
[EventType "team-tourn"]
[EventRounds "9"]
[EventCountry "GRE"]
[SourceTitle "EXT 2020"]
[Source "ChessBase"]
[SourceDate "2019.10.17"]
[SourceVersion "1"]
[SourceVersionDate "2019.10.17"]
[SourceQuality "1"]
[WhiteTeam "Polichnis"]
[BlackTeam "Galaxias"]
[WhiteTeamCountry "GRE"]
[BlackTeamCountry "GRE"]

1. e4 c5 2. Nf3 Nc6 3. d4 cxd4 4. Nxd4 e5 5. Nb5 d6 6. c4 Be7 7. N1c3 a6 8. Na3 Be6 9. Be2 Bg5 10. 0-0 Bxc1 11. Rxc1 Nf6 12. Nc2 0-0 13. Qd2 Qb6 14. b3 Rfd8 15. Rfd1 Rac8 16. h3 Kf8 17. Bf1 Qa5 18. Qe3 b5 19. cxb5 axb5 20. Nxb5 d5 21. exd5 Nxd5 22. Qc5+ Nce7 23. Qa3 Qb6 24. Nb4 Rxc1 25. Rxc1 Nxb4 26. Qxb4 Rd4 27. Qc5 Qxc5 28. Rxc5 Rd1 29. Rxe5 Bf5 30. Nc3 Rc1 31. Re3 Ng6 32. Nd5 Be6 33. Rc3 Ra1 34. Rd3 Rxa2 35. Nc7 Bf5 36. Rd8+ Ke7 37. Rd1 Bc2 38. Nd5+ Kd6 39. Rd2 Bxb3 40. Rxa2 Bxa2 41. Ne3 1/2-1/2

[Event "GRE-ch U18"]
[Site "Rethymno"]
[Date "2019.01.07"]
[Round "8"]
[White "Patrelakis, Evaggelos"]
[Black "Nikolakis, Panagiotis Marios"]
[Result "1-0"]
[WhiteElo "2123"]
[BlackElo "1910"]
[PlyCount "61"]
[EventDate "2019.01.02"]
[EventType "swiss"]
[EventRounds "9"]
[EventCountry "GRE"]
[SourceTitle "CBM 188 Extra"]
[Source "ChessBase"]
[SourceDate "2019.02.26"]
[SourceVersion "1"]
[SourceVersionDate "2019.02.26"]
[SourceQuality "1"]

1. e4 c6 2. d4 d5 3. exd5 cxd5 4. Bd3 Nc6 5. c3 Qc7 6. Ne2 e6 7. Bf4 Bd6 8. Bxd6 Qxd6 9. 0-0 Nge7 10. b4 a6 11. a4 0-0 12. Nd2 f6 13. Qc2 g6 14. Nb3 e5 15. b5 Nb8 16. dxe5 fxe5 17. Rad1 Bf5 18. c4 Qc7 19. Bxf5 gxf5 20. c5 axb5 21. axb5 f4 22. Nc3 d4 23. Ne4 Nf5 24. Ng5 Qe7 25. Nf3 Nd7 26. Rfe1 Rac8 27. c6 bxc6 28. bxc6 Qd6 29. Qa2 Rxc6 30. Nbxd4+ Kh8 31. Nxf5 1-0

[Event "GRE-ch U18"]
[Site "Rethymno"]
[Date "2019.01.05"]
[Round "6"]
[White "Triantos, Konstantinos"]
[Black "Nikolakis, Panagiotis Marios"]
[Result "1/2-1/2"]
[WhiteElo "2073"]
[BlackElo "1910"]
[PlyCount "75"]
[EventDate "2019.01.02"]
[EventType "swiss"]
[EventRounds "9"]
[EventCountry "GRE"]
[SourceTitle "CBM 188 Extra"]
[Source "ChessBase"]
[SourceDate "2019.02.26"]
[SourceVersion "1"]
[SourceVersionDate "2019.02.26"]
[SourceQuality "1"]

1. e4 c5 2. Nf3 d6 3. d4 cxd4 4. Nxd4 Nf6 5. Nc3 a6 6. Be2 e6 7. f4 Nbd7 8. Bf3 Qc7 9. 0-0 Be7 10. Kh1 0-0 11. Qe1 Re8 12. g4 Nb6 13. a4 Bf8 14. g5 Nfd7 15. b3 Nb8 16. a5 N6d7 17. h4 Nc6 18. Nxc6 bxc6 19. h5 Bb7 20. Qg3 d5 21. g6 fxg6 22. hxg6 h6 23. Bd2 Rad8 24. e5 Nc5 25. Rfd1 d4 26. Ne4 Nxe4 27. Bxe4 c5 28. Bxb7 Qxb7+ 29. Qg2 Rd5 30. Be1 Be7 31. Ra4 Rf8 32. Bg3 Qd7 33. Rd3 Qe8 34. Bh2 Qd7 35. Ra1 Rd8 36. Rf1 Rf8 37. Rfd1 Qc7 38. c4 1/2-1/2

[Event "GRE-ch U16"]
[Site "Rio Achaia"]
[Date "2018.07.07"]
[Round "7"]
[White "Nikolakis, Panagiotis Marios"]
[Black "Marinakis, Hristos"]
[Result "0-1"]
[WhiteElo "1941"]
[BlackElo "1942"]
[PlyCount "175"]
[EventDate "2018.07.03"]
[EventType "swiss"]
[EventRounds "9"]
[EventCountry "GRE"]
[SourceTitle "EXT 2019"]
[Source "ChessBase"]
[SourceDate "2018.10.10"]
[SourceVersion "1"]
[SourceVersionDate "2018.10.10"]
[SourceQuality "1"]

1. e4 e5 2. Nf3 Nc6 3. Bb5 a6 4. Ba4 Nf6 5. 0-0 Be7 6. Re1 b5 7. Bb3 d6 8. c3 0-0 9. d4 Bg4 10. Be3 exd4 11. cxd4 d5 12. e5 Ne4 13. h3 Bh5 14. Nbd2 Qd7 15. a3 Nxd2 16. Qxd2 a5 17. Qd3 a4 18. Bc2 Bg6 19. Qe2 Bxc2 20. Qxc2 Na5 21. Ng5 Bxg5 22. Bxg5 Ra6 23. f4 Rg6 24. Kh1 Rc6 25. Qf2 Nb3 26. Rad1 h6 27. Bh4 Qf5 28. Re2 Rc1 29. Rxc1 Nxc1 30. Rd2 Nd3 31. Qf1 Qxf4 32. Qxd3 Qxh4 33. Rc2 f6 34. Re2 fxe5 35. Rxe5 c6 36. Re6 Qf2 37. Qe2 Qxe2 38. Rxe2 Rf1+ 39. Kh2 Rd1 40. Rc2 Rxd4 41. Rxc6 Rd2 42. Rc5 Rxb2 43. Rxd5 Rb3 44. h4 g6 45. h5 gxh5 46. Rxh5 Kg7 47. g4 Kg6 48. Kg2 Rb2+ 49. Kg3 Rb1 50. Kg2 Rb3 51. Kh2 Rxa3 52. Rxb5 Rb3 53. Ra5 a3 54. Kg2 Rb2+ 55. Kg3 a2 56. Kf4 Rf2+ 57. Kg3 Rd2 58. Kf4 Kf6 59. Ke3 Rh2 60. Kf4 Ke6 61. Kg3 Rb2 62. Kf4 Kd6 63. Kf5 Kc6 64. Kg6 Kb6 65. Ra8 Kc5 66. Kxh6 Rh2+ 67. Kg6 Kb5 68. g5 Rc2 69. Kf6 Rc6+ 70. Kf7 Ra6 71. Rxa6 Kxa6 72. g6 a1Q 73. g7 Qf1+ 74. Ke7 Qg2 75. Kf7 Qd5+ 76. Kf8 Qf5+ 77. Ke7 Qg6 78. Kf8 Qf6+ 79. Kg8 Kb6 80. Kh7 Qh4+ 81. Kg6 Qg4+ 82. Kf7 Qf5+ 83. Ke7 Qg6 84. Kf8 Qf6+ 85. Kg8 Kc6 86. Kh7 Qf5+ 87. Kh8 Qh5+ 88. Kg8 0-1

[Event "GRE-ch U16"]
[Site "Rio Achaia"]
[Date "2018.07.04"]
[Round "2"]
[White "Symeonidis, Theofilos"]
[Black "Nikolakis, Panagiotis Marios"]
[Result "0-1"]
[WhiteElo "1605"]
[BlackElo "1941"]
[PlyCount "38"]
[EventDate "2018.07.03"]
[EventType "swiss"]
[EventRounds "9"]
[EventCountry "GRE"]
[SourceTitle "EXT 2019"]
[Source "ChessBase"]
[SourceDate "2018.10.10"]
[SourceVersion "1"]
[SourceVersionDate "2018.10.10"]
[SourceQuality "1"]

1. d4 Nf6 2. c4 e6 3. Nc3 Bb4 4. e3 0-0 5. Nge2 d5 6. a3 Be7 7. cxd5 exd5 8. Nf4 c6 9. Bd3 Nbd7 10. 0-0 Nb6 11. b3 Re8 12. Qc2 h6 13. Bb2 Bd6 14. h3 Qe7 15. Rfe1 Bd7 16. f3 g5 17. e4 Bxf4 18. e5 Nh5 19. g4 Ng7 0-1

[Event "GRE-ch U20"]
[Site "Chania"]
[Date "2018.04.15"]
[Round "8"]
[White "Nikolakis, Panagiotis Marios"]
[Black "Marinakis, Hristos"]
[Result "1/2-1/2"]
[WhiteElo "1993"]
[BlackElo "1945"]
[PlyCount "108"]
[EventDate "2018.04.10"]
[EventType "swiss"]
[EventRounds "9"]
[EventCountry "GRE"]
[SourceTitle "CBM 184 Extra"]
[Source "ChessBase"]
[SourceDate "2018.06.28"]
[SourceVersion "1"]
[SourceVersionDate "2018.06.28"]
[SourceQuality "1"]
[WhiteTeam "Greece"]
[BlackTeam "Greece"]
[WhiteTeamCountry "GRE"]
[BlackTeamCountry "GRE"]

1. e4 e5 2. Nf3 Nc6 3. Bb5 a6 4. Ba4 Nf6 5. 0-0 Be7 6. Re1 b5 7. Bb3 d6 8. c3 0-0 9. d3 h6 10. Nbd2 Re8 11. Nf1 Bf8 12. Ne3 Na5 13. Bc2 c5 14. a4 Rb8 15. d4 exd4 16. cxd4 cxd4 17. Nxd4 Bb7 18. Nef5 Nc6 19. axb5 Nxd4 20. Qxd4 axb5 21. Bd2 Rc8 22. Bd3 Bxe4 23. b3 Bxd3 24. Qxd3 Qd7 25. Qf3 Rc5 26. Nxh6+ gxh6 27. Qxf6 Bg7 28. Qh4 Bxa1 29. Rxa1 Qe6 30. h3 Qg6 31. Ra6 Rh5 32. Qg4 Qxg4 33. hxg4 Rd5 34. Bxh6 Re1+ 35. Kh2 Rb1 36. g5 Rxb3 37. Ra8+ Kh7 38. Rf8 Rf5 39. f3 Rc3 40. Kg3 Rc4 41. Rd8 d5 42. Kf2 d4 43. g4 Re5 44. Rd7 Kg6 45. f4 Rc2+ 46. Kf1 Re8 47. f5+ Kh7 48. Rxf7+ Kg8 49. Rg7+ Kh8 50. g6 Ra8 51. Rh7+ Kg8 52. Rg7+ Kh8 53. Rh7+ Kg8 54. Rg7+ Kh8 1/2-1/2

[Event "GRE-ch U20"]
[Site "Chania"]
[Date "2018.04.13"]
[Round "5"]
[White "Loutragotis, Paraskevas Pantelei"]
[Black "Nikolakis, Panagiotis Marios"]
[Result "0-1"]
[WhiteElo "1870"]
[BlackElo "1993"]
[PlyCount "64"]
[EventDate "2018.04.10"]
[EventType "swiss"]
[EventRounds "9"]
[EventCountry "GRE"]
[SourceTitle "CBM 184 Extra"]
[Source "ChessBase"]
[SourceDate "2018.06.28"]
[SourceVersion "1"]
[SourceVersionDate "2018.06.28"]
[SourceQuality "1"]
[WhiteTeam "Greece"]
[BlackTeam "Greece"]
[WhiteTeamCountry "GRE"]
[BlackTeamCountry "GRE"]

1. e4 c5 2. Nf3 d6 3. d4 cxd4 4. Nxd4 Nf6 5. Nc3 a6 6. Be2 e6 7. Be3 Nbd7 8. f4 Qc7 9. Bf3 Be7 10. 0-0 0-0 11. Qe1 Nb6 12. b3 Bd7 13. Nde2 Bc6 14. Qg3 Rfd8 15. Nd4 Be8 16. Nce2 Nbd7 17. c4 Bf8 18. Rac1 g6 19. f5 e5 20. Nc2 Qa5 21. a3 Rac8 22. a4 b5 23. axb5 axb5 24. Ra1 Qc7 25. Nb4 bxc4 26. Nc3 Nb6 27. Rfc1 Qb7 28. Ra6 Nbd7 29. Ra7 Qxb4 30. Rxd7 Rxd7 31. Qh4 cxb3 32. Qxf6 Rxc3 0-1

[Event "GRE-ch U20"]
[Site "Chania"]
[Date "2018.04.11"]
[Round "2"]
[White "Patrelakis, Evaggelos"]
[Black "Nikolakis, Panagiotis Marios"]
[Result "1-0"]
[WhiteElo "2194"]
[BlackElo "1993"]
[PlyCount "125"]
[EventDate "2018.04.10"]
[EventType "swiss"]
[EventRounds "9"]
[EventCountry "GRE"]
[SourceTitle "CBM 184 Extra"]
[Source "ChessBase"]
[SourceDate "2018.06.28"]
[SourceVersion "1"]
[SourceVersionDate "2018.06.28"]
[SourceQuality "1"]
[WhiteTeam "Greece"]
[BlackTeam "Greece"]
[WhiteTeamCountry "GRE"]
[BlackTeamCountry "GRE"]

1. e4 c5 2. Nf3 d6 3. d4 cxd4 4. Nxd4 Nf6 5. Nc3 a6 6. Bg5 e6 7. f4 h6 8. Bh4 Qb6 9. a3 Be7 10. Bf2 Qc7 11. Qf3 Nbd7 12. 0-0-0 b5 13. g4 Bb7 14. Bg2 g5 15. f5 e5 16. Nb3 h5 17. h3 Bc6 18. Nd5 Bxd5 19. exd5 Rc8 20. c3 Nb6 21. Bxb6 Qxb6 22. Nd2 a5 23. Kb1 Rc5 24. Qd3 Kd7 25. Bf3 h4 26. Rhe1 Rhc8 27. Rc1 b4 28. axb4 axb4 29. c4 Qa6 30. Be2 Ra8 31. Nb3 Rcc8 32. Bf1 e4 33. Qd4 Qa2+ 34. Kc2 Qa6 35. Ra1 Qb7 36. Rxa8 Qxa8 37. Kb1 Qa4 38. Re3 Ra8 39. Qb6 Nxd5 40. cxd5 Qa2+ 41. Kc2 Rc8+ 42. Kd2 Qxb2+ 43. Ke1 Qb1+ 44. Kf2 Rc2+ 45. Kg1 Bf6 46. Qxb4 Qd1 47. Qb7+ Kd8 48. Qb6+ Kd7 49. Rxe4 Be5 50. Rxe5 dxe5 51. Nc5+ Ke8 52. Qb8+ Ke7 53. Qc7+ Kf8 54. Qd8+ Kg7 55. Qxg5+ Kh7 56. Qxh4+ Kg8 57. Qg5+ Kh7 58. Nd3 Qf3 59. Qh4+ Kg8 60. f6 Qe3+ 61. Nf2 Rd2 62. g5 Kf8 63. Qh8# 1-0

[Event "GRE-ch U20"]
[Site "Chania"]
[Date "2018.04.10"]
[Round "1"]
[White "Nikolakis, Panagiotis Marios"]
[Black "Kotsoglou, Giorgos"]
[Result "1-0"]
[WhiteElo "1993"]
[BlackElo "1315"]
[PlyCount "59"]
[EventDate "2018.04.10"]
[EventType "swiss"]
[EventRounds "9"]
[EventCountry "GRE"]
[SourceTitle "CBM 184 Extra"]
[Source "ChessBase"]
[SourceDate "2018.06.28"]
[SourceVersion "1"]
[SourceVersionDate "2018.06.28"]
[SourceQuality "1"]
[WhiteTeam "Greece"]
[BlackTeam "Greece"]
[WhiteTeamCountry "GRE"]
[BlackTeamCountry "GRE"]

1. e4 d6 2. d4 Nf6 3. Nc3 Nbd7 4. Nf3 e5 5. Bc4 Be7 6. 0-0 0-0 7. Re1 c6 8. a4 a5 9. h3 h6 10. Ba2 Re8 11. Be3 Nf8 12. dxe5 dxe5 13. Nxe5 Be6 14. Bxe6 Nxe6 15. Nc4 Nc5 16. Qf3 Qc7 17. Bf4 Qd7 18. Nb6 Qe6 19. Nxa8 Rxa8 20. Rad1 Na6 21. e5 Nd7 22. Qg3 Nb4 23. Rxd7 Qxd7 24. Bxh6 g6 25. e6 Qd6 26. Bf4 Qd8 27. Qg4 Nxc2 28. exf7+ Kg7 29. Re6 Bf6 30. Be5 1-0

[Event "Thessaloniki Vardaris op 4th"]
[Site "Thessaloniki"]
[Date "2018.02.18"]
[Round "6"]
[White "Spyropoulos, Nikolaos"]
[Black "Nikolakis, Panagiotis Marios"]
[Result "1/2-1/2"]
[WhiteElo "2148"]
[BlackElo "1928"]
[PlyCount "24"]
[EventDate "2018.02.15"]
[EventType "swiss"]
[EventRounds "7"]
[EventCountry "GRE"]
[SourceTitle "CBM 183 Extra"]
[Source "ChessBase"]
[SourceDate "2018.04.19"]
[SourceVersion "1"]
[SourceVersionDate "2018.04.19"]
[SourceQuality "1"]

1. d4 Nf6 2. Nf3 e6 3. g3 c5 4. c3 Nc6 5. Bg2 d5 6. 0-0 Be7 7. Bf4 0-0 8. Nbd2 Qb6 9. Qb3 Qxb3 10. axb3 cxd4 11. Nxd4 Nxd4 12. cxd4 Bd7 1/2-1/2

[Event "EThessaloniki SSTH HALK-ch U16"]
[Site "Thessaloniki"]
[Date "2017.11.12"]
[Round "4.1"]
[White "Nikolakis, Panagiotis Marios"]
[Black "Maggos, Nikolaos"]
[Result "1-0"]
[WhiteElo "1963"]
[BlackElo "1496"]
[PlyCount "109"]
[EventDate "2017.10.01"]
[EventType "swiss"]
[EventRounds "6"]
[EventCountry "GRE"]
[SourceTitle "EXT 2024"]
[Source "ChessBase"]
[SourceDate "2023.10.10"]
[SourceVersion "1"]
[SourceVersionDate "2023.10.10"]
[SourceQuality "1"]

1. e4 c5 2. Nf3 Nc6 3. d4 cxd4 4. Nxd4 g6 5. c4 Bg7 6. Be3 Nf6 7. Nc3 0-0 8. Be2 d6 9. 0-0 Bd7 10. Qd2 Nxd4 11. Bxd4 Bc6 12. f3 a5 13. Kh1 Nd7 14. Bxg7 Kxg7 15. f4 Nc5 16. Bf3 e5 17. Rad1 Ne6 18. Ne2 Qe7 19. f5 Nc5 20. Nc3 Rad8 21. b3 f6 22. Qc2 Kh8 23. a3 Na6 24. Rb1 gxf5 25. exf5 Bxf3 26. Rxf3 Rc8 27. Qd2 Rfd8 28. Nd5 Qf7 29. Qxa5 Rg8 30. Qd2 Nc5 31. Nc3 Rgd8 32. Rh3 Qd7 33. Qf2 Rg8 34. b4 Na6 35. Ne4 Qe7 36. Qe2 Rg7 37. Qd3 Rcg8 38. Rg1 Rd8 39. Rh6 Rf7 40. Rd1 Qf8 41. Qh3 Qe7 42. Qh4 Nc7 43. Nxf6 Rdf8 44. Rxd6 Ne8 45. Rd7 Qxd7 46. Nxd7 Rxd7 47. g4 Ng7 48. Rxh7+ Kg8 49. Rh8+ Kf7 50. Rxf8+ Kxf8 51. Qf6+ Kg8 52. Qxe5 Rd1+ 53. Kg2 Rd2+ 54. Kf1 Ra2 55. f6 1-0

[Event "EThessaloniki SSTH HALK-ch U16"]
[Site "Thessaloniki"]
[Date "2017.10.01"]
[Round "1.1"]
[White "Koukoumpi, Christina"]
[Black "Nikolakis, Panagiotis Marios"]
[Result "0-1"]
[WhiteElo "1000"]
[BlackElo "1963"]
[PlyCount "98"]
[EventDate "2017.10.01"]
[EventType "swiss"]
[EventRounds "6"]
[EventCountry "GRE"]
[SourceTitle "EXT 2024"]
[Source "ChessBase"]
[SourceDate "2023.10.10"]
[SourceVersion "1"]
[SourceVersionDate "2023.10.10"]
[SourceQuality "1"]

1. e4 c5 2. Nf3 d6 3. Nc3 Nf6 4. Bb5+ Bd7 5. 0-0 Bxb5 6. Nxb5 Nxe4 7. d3 Nf6 8. h3 e6 9. a4 Be7 10. Re1 0-0 11. Bg5 Nc6 12. Qd2 a6 13. Nc3 d5 14. b3 Qa5 15. h4 Rac8 16. h5 d4 17. Ne4 Qxd2 18. Nfxd2 Nxh5 19. Nf3 Bxg5 20. Nfxg5 Nb4 21. Rad1 Nxc2 22. Re2 Nb4 23. Nd6 Rc7 24. Re4 Nd5 25. Rh4 Nhf6 26. Nde4 h6 27. Nf3 Nxe4 28. Rxe4 Nc3 29. Rg4 Nxd1 30. Ne5 b5 31. f4 Ne3 32. Rg3 c4 33. dxc4 bxc4 34. bxc4 Nxc4 35. Ng4 Kh7 36. Rh3 Rd8 37. Nxh6 gxh6 38. Rg3 d3 39. Rf3 d2 40. Rf1 d1Q 41. Rxd1 Rxd1+ 42. Kf2 Nd6 43. g4 Rd3 44. g5 Rc2+ 45. Ke1 Rh3 46. Kd1 Rg2 47. g6+ Kxg6 48. f5+ Kxf5 49. Ke1 Rh1# 0-1

[Event "Thessaloniki Novidis Memorial op-A 6th"]
[Site "Thessaloniki"]
[Date "2017.06.20"]
[Round "6.3"]
[White "Tsintsar, Zoran"]
[Black "Nikolakis, Panagiotis Marios"]
[Result "1-0"]
[WhiteElo "1752"]
[BlackElo "1929"]
[PlyCount "107"]
[EventDate "2017.06.15"]
[EventType "swiss"]
[EventRounds "7"]
[EventCountry "GRE"]
[SourceTitle "EXT 2024"]
[Source "ChessBase"]
[SourceDate "2023.10.10"]
[SourceVersion "1"]
[SourceVersionDate "2023.10.10"]
[SourceQuality "1"]

1. e4 c5 2. Nf3 d6 3. d4 Nf6 4. dxc5 Nxe4 5. cxd6 Nxd6 6. Bf4 e6 7. Nc3 a6 8. Qd2 Nc6 9. 0-0-0 Nf5 10. Qxd8+ Nxd8 11. Bc4 Bd7 12. Rhe1 Be7 13. g4 Nh6 14. Ne5 Bc6 15. Bxh6 gxh6 16. f4 0-0 17. f5 Bg5+ 18. Kb1 Rc8 19. Bb3 Bf6 20. Rd6 Be7 21. Rd3 Bf6 22. fxe6 Nxe6 23. Nxf7 Kxf7 24. Bxe6+ Kg7 25. Bxc8 Rxc8 26. Nd5 Bh4 27. Re5 Rf8 28. a3 Bb5 29. Rd1 Bc6 30. c4 Bg5 31. Ne7 Ba4 32. Rh1 Rf2 33. Nd5 Bc2+ 34. Ka2 Bd3 35. Kb3 a5 36. h4 Bc2+ 37. Kc3 Bd2+ 38. Kd4 Rg2 39. g5 Rg4+ 40. Kc5 hxg5 41. Rh2 Bd3 42. Rxd2 Rxc4+ 43. Kd6 Rc6+ 44. Ke7 Bg6 45. Rxg5 h6 46. Rg3 h5 47. Rdg2 Kh6 48. Rxg6+ Rxg6 49. Rxg6+ Kxg6 50. Nf4+ Kf5 51. Nxh5 Kg4 52. Kd6 Kxh5 53. a4 Kxh4 54. Kc7 1-0

[Event "Thessaloniki Novidis Memorial op-A 6th"]
[Site "Thessaloniki"]
[Date "2017.06.19"]
[Round "5.1"]
[White "Tsaknakis, Zisis"]
[Black "Nikolakis, Panagiotis Marios"]
[Result "1-0"]
[WhiteElo "2187"]
[BlackElo "1929"]
[PlyCount "43"]
[EventDate "2017.06.15"]
[EventType "swiss"]
[EventRounds "7"]
[EventCountry "GRE"]
[SourceTitle "EXT 2024"]
[Source "ChessBase"]
[SourceDate "2023.10.10"]
[SourceVersion "1"]
[SourceVersionDate "2023.10.10"]
[SourceQuality "1"]

1. c4 Nf6 2. Nc3 g6 3. g3 Bg7 4. Bg2 0-0 5. e4 d6 6. Nge2 Nc6 7. 0-0 a6 8. h3 Rb8 9. d4 Na5 10. Qd3 b5 11. cxb5 axb5 12. b4 Nc4 13. a4 c6 14. axb5 cxb5 15. Nxb5 Bd7 16. Nbc3 Qc8 17. Bg5 Rxb4 18. Rfc1 Nb2 19. Qf3 Rb8 20. e5 dxe5 21. dxe5 Nh5 22. Nd5 1-0

[Event "Thessaloniki Novidis Memorial op-A 6th"]
[Site "Thessaloniki"]
[Date "2017.06.18"]
[Round "4.2"]
[White "Nikolakis, Panagiotis Marios"]
[Black "Paterakis, Emmanouil"]
[Result "1-0"]
[WhiteElo "1929"]
[BlackElo "1857"]
[PlyCount "43"]
[EventDate "2017.06.15"]
[EventType "swiss"]
[EventRounds "7"]
[EventCountry "GRE"]
[SourceTitle "EXT 2024"]
[Source "ChessBase"]
[SourceDate "2023.10.10"]
[SourceVersion "1"]
[SourceVersionDate "2023.10.10"]
[SourceQuality "1"]

1. e4 d6 2. d4 Nf6 3. Nc3 c6 4. f4 Qa5 5. Bd3 e5 6. Nf3 Nbd7 7. Be3 Be7 8. 0-0 0-0 9. h3 b5 10. fxe5 dxe5 11. dxe5 Ne8 12. Qe1 b4 13. Ne2 Nxe5 14. Nxe5 Qxe5 15. Nd4 Bd6 16. Nf3 Qe7 17. Qf2 Qc7 18. e5 Be7 19. Bg5 g6 20. Qh4 Bc5+ 21. Kh1 h5 22. Qc4 1-0